01367nam a2200313Ia 4500001001200000003000800012006001900020007001500039008004100054040002100095035002100116050002200137100003000159245014800189260007700337300001800414490003500432500001700467504005200484533015200536650004500688650004100733655002900774700002200803710004900825710001700874830003600891856012600927ebr10380884CaPaEBRm u cr cn|||||||||061103s2006 dcua sb i000 0 eng d aCaPaEBRcCaPaEBR a(OCoLC)69414118814aHC60b.P73 2006eb1 aPrati, Alessandro,d1961-10aAid volatility and Dutch diseaseh[electronic resource] :bis there a role for macroeconomic policies? /cAlessandro Prati and Thierry Tressel. aWashington, D.C. :bInternational Monetary Fund, Research Dept.,cc2006. a63 p. :bill.1 aIMF working paper ;vWP/06/145 a"June 2006." aIncludes bibliographical references (p. 59-63). aElectronic reproduction.bPalo Alto, Calif. :cebrary,d2011.nAvailable via World Wide Web.nAccess may be limited to ebrary affiliated libraries. 0aEconomic assistancexEconometric models. 0aEconomic policyxEconometric models. 7aElectronic books.2local1 aTressel, Thierry.2 aInternational Monetary Fund.bResearch Dept.2 aebrary, Inc. 0aIMF working paper ;vWP/06/145.40uhttp://site.ebrary.com/lib/rucke/Doc?id=10380884zAn electronic book accessible through the World Wide Web; click to view